| 000 | 00947cai a22001815a 4500 | ||
|---|---|---|---|
| 001 | L145870 | ||
| 008 | 081117u xxkado g 000 0 eng d | ||
| 035 | _a(Sirsi) u145870 | ||
| 041 | 0 | _aeng | |
| 110 | 2 |
_aNational Multi Housing Council _95206 |
|
| 245 | 0 | 0 |
_aNational Multi Housing Council _h[electronic resource] |
| 520 | _aThe National Multi Housing Council (NMHC) is a national organisation in the United States that represents the interests of some of the larger apartment firms in the US. Although largely geared towards their needs, with a range of research and publication into buildings in multiple occupation, this website may also be of interest to students and realtors. Certain sections of the website are only available to NMHC members. | ||
| 590 | _aKA | ||
| 651 | 4 |
_aUnited States _y1959- |
|
| 690 | _aPROPERTY-PROPERTY AGENCY | ||
| 856 | 4 | 0 |
_uhttps://www.nmhc.org/ _zView the website free of charge at www.nmhc.org... |
| 942 | _n0 | ||
| 999 |
_c120732 _d120732 |
||